000 00705nam a2200265Ia 4500
005 20260306164455.0
008 008 260114s9999 xx 000 0 eng d
020 _a9780191858857
037 _aEBOOK
040 _aCRL
040 _beng
040 _cCRL
041 _2eng
041 _aeng
084 _qCRL
100 _aManuel Trachsel, Jens Gaab, Nikola Biller-andorno, Şerife Tekin, John Z. Sadler
_91130817
245 4 _aThe Oxford Handbook Of Psychotherapy Ethics
260 _bOxford University Press
260 _c2021
650 _aPhilosophy
856 _uhttps://academic.oup.com/edited-volume/35471
942 _cEBOOK
999 _c1714212
_d1714212